Élelmiszer-tudományi konferencia a SZÉF-en. Táplálkozni vagy nagyokat enni
Elmentve itt :
| Dokumentumtípus: | Cikk |
|---|---|
| Megjelent: |
2000-05-11
|
| Sorozat: | Délmagyarország
90 No. 109 |
| Kulcsszavak: | Konferencia, élelmiszertudományi |
| Online Access: | http://dmarchiv.bibl.u-szeged.hu/80813 |
| LEADER | 00469nab a2200145 i 4500 | ||
|---|---|---|---|
| 001 | delm80813 | ||
| 005 | 20191029102827.0 | ||
| 008 | 191029s2000 hu o 0|| hun d | ||
| 040 | |a SZTE Délmagyarország Archívum |b hun | ||
| 041 | |a hun | ||
| 245 | 0 | 0 | |a Élelmiszer-tudományi konferencia a SZÉF-en. Táplálkozni vagy nagyokat enni |h [elektronikus dokumentum] |
| 260 | |c 2000-05-11 | ||
| 300 | |a 6 | ||
| 490 | 0 | |a Délmagyarország |v 90 No. 109 | |
| 695 | |a Konferencia, élelmiszertudományi | ||